000
00351 a2200169 4500
001
179621
020
_a
85-16-00472-4
040
_c
Magnum
100
_a
Porto, Cristina
240
1
0
_a
A peteca do zeca
_l
por
245
1
0
_a
A peteca do zeca
300
_a
16
362
0
_a
1991
440
1
_a
Moderna
697
_a
LITERATURA INFANTIL
942
_c
BK
999
_c
179621
_d
179621